00486nam a2200145Ia 450000500170000000800410001710000210005824500680007926000170014730000110016465000270017594200070020299900150020995201160022420260328101530.0260328s9999||||xx |||||||||||||| ||und|| aPeters, Paulhans 0aCasas en Grupos.Viviendas plurifamiliares 12 /cPaulhans Peters bGustavo Gili a107 p. aVIVIENDA MULTIFAMILIAR cBK c9965d9965 001040708GENaGPCbGPCcGENd2026-03-28i3810l0o728.3 P 4881p3810r2026-03-28 15:15:30t1w2026-03-28yBK